| 000 | 02212nam0a2200397 4500 | ||
|---|---|---|---|
| 001 | RU\NLR\BIBL_A\011743000 | ||
| 005 | 20201013153353.0 | ||
| 010 | _a978-5-00091-534-9 | ||
| 021 |
_aRU _bКН-П-18-039548 _9КН-П-18-2851 |
||
| 035 | _a(NLR Aleph) 011743000 | ||
| 035 | _a(RuMoRGB)009647266 | ||
| 090 |
_a11587287 _c11587287 |
||
| 100 | _a20180704d2018 u y0rusy50 ca | ||
| 101 | 0 |
_arus _ager |
|
| 102 | _aRU | ||
| 105 | _a |||j|||001zy | ||
| 200 | 1 |
_aДеловой немецкий язык: рынок, предпринимательство, торговля _dWirtschaftsdeutsch: markt, unternehmerschaft, handel _eучебник _fН.Г. Чернышева, Н.И. Лыгина, Р.С. Музалевская _zger |
|
| 205 | _a2-е изд., испр. и доп. | ||
| 210 |
_aМосква _cФОРУМ _cИНФРА-М _d2018 |
||
| 215 |
_a358 с. _cил. _d25 |
||
| 225 | 1 | _aСреднее профессиональное образование | |
| 320 | _aБиблиогр.: с. 348-350 (85 назв.) | ||
| 320 | _aУказ. тем: с. 351-353 | ||
| 510 | 1 |
_6z92790 _aWirtschaftsdeutsch: markt, unternehmerschaft, handel _zger |
|
| 606 | 1 |
_aНемецкий язык _xУчебные издания для экономистов _92396216 _3RU\NLR\AUTH\661428661 |
|
| 606 | 1 |
_aНемецкий язык _jУчебные издания для среднего профессионального образования _91063964 _3RU\NLR\AUTH\66413315 |
|
| 686 | 1 | _aШ143.24-93рус227 | |
| 700 | 1 |
_7ca _8rus _aЧернышева _bН. Г. _cканд. филол. наук _gНина Генриховна _947607 _3RU\NLR\AUTH\7764678 |
|
| 701 | 1 |
_7ca _8rus _aЛыгина _bН. И. _cд-р экон. наук _f1950- _gНина Ивановна _932105 _3RU\NLR\AUTH\7749170 |
|
| 701 | 1 |
_7ca _8rus _aМузалевская _bР. С. _gРаиса Семеновна _948675 _3RU\NLR\AUTH\7765746 |
|
| 790 | 1 |
_6z92510 _7ba _8rus _aČernyševa _bN. G. _cканд. филол. наук _gNina Genrichovna _947608 _3RU\NLR\AUTH\7764679 |
|
| 942 | _cBOOK | ||
| 980 | _aNBR | ||
| 980 | _aNB | ||